=LDR 00000nam 2200000 4500 =001 INLIS000000000014777 =005 20130612110044 =008 ***********************************Ind** =035 ##$$0010-061300000014777 =041 ##$$a Ind =082 ##$$a 297.54 =090 ##$$a 297.54, Sya d =100 ##$$a Sya' rawi, M. Mutawalli =245 ##$$a Doa yang di kabulkan, M. Mutawalli Say' rawi =260 ##$$a 2004 $b Jakarta =300 ##$$a 148 hlm, Il, 18 cm =650 ##$$a Doa dan Wirid =850 ##$$a NBPNMAT